000 01141nam a2200277 a 4500
001 BRCA_9153
005 20190320210535.0
008 070818s2008----u--a######---#000-0#eng-#
020 _a9780300122893
020 _a9780894679667
041 _aeng
044 _au
050 4 _aN6505
_b.L54 2008
245 1 0 _aLife, liberty, and the pursuit of happiness
_bamerican art from the Yale University Art Gallery
_cintroduction by David McCullough ; essays by Jon Butler ... [et al.] ; exhibition and catalogue organized by Helen A. Cooper ... [et al.].
260 _aNew Haven, Connecticut
_bYale University Art Gallery : Yale University Press
_c2008
300 _axv, 368 p.
_bil. (algunas a color)
_c26 cm.
504 _aIncluye referencias bibliográficas e índice
650 1 4 _aArte americano
_vExposiciones
_922571
650 1 4 _aHistoria en el arte
_vExposiciones
_922572
651 4 _aEstados Unidos
_vExposiciones
_xEn el arte
_922573
651 4 _aEstados Unidos
_vExposiciones
_xHistoria
_922574
700 1 _aMcCullough, David G.
_922575
700 1 _aButler, Jon
_d1940-
_922576
700 1 _aCooper, Helen A.
_922577
942 _2lcc
_cB
999 _c8800
_d8800